[Event "Thessaloniki/Chalkidiki-chT"]
[Site "Thessaloniki/Chalkidiki"]
[Date "2019.01.20"]
[Round "2.10"]
[White "Kortesis, Georgios"]
[Black "Fotiadis, Alexandros"]
[Result "1/2-1/2"]
[WhiteElo "1223"]
[BlackElo "1249"]
[PlyCount "73"]
[EventDate "2019.01.13"]
[EventType "team-tourn"]
[EventRounds "9"]
[EventCountry "GRE"]
[SourceTitle "EXT 2020"]
[Source "ChessBase"]
[SourceDate "2019.10.17"]
[SourceVersion "1"]
[SourceVersionDate "2019.10.17"]
[SourceQuality "1"]
[WhiteTeam "Keravnos MAPO"]
[BlackTeam "Papafi Chronikos"]
[WhiteTeamCountry "GRE"]
[BlackTeamCountry "GRE"]

1. d4 Nf6 2. c4 e6 3. Nc3 Bb4 4. Qc2 c5 5. Nf3 Nc6 6. e3 0-0 7. Be2 b6 8. 0-0 Bxc3 9. Qxc3 Bb7 10. b3 Ne4 11. Qc2 f5 12. Bb2 a5 13. Ne1 a4 14. Nd3 axb3 15. axb3 Qg5 16. Nf4 cxd4 17. Nh3 Qg6 18. exd4 Nb4 19. Qd1 Rxa1 20. Bxa1 Ng5 21. Nxg5 Qxg5 22. Bf3 Be4 23. Bc3 Nd3 24. Bxe4 fxe4 25. Bd2 Qf6 26. Be3 Ra8 27. f3 Ra2 28. fxe4 Qg6 29. Qf3 h6 30. Bxh6 Qxh6 31. Qxd3 Rd2 32. Qc3 Qg5 33. Rf2 Rd1+ 34. Rf1 Rd2 35. Rf2 Rd1+ 36. Rf1 Rd2 37. Rf2 1/2-1/2

[Event "Thessaloniki ESSTH HALK-ch U16 11th"]
[Site "Thessaloniki"]
[Date "2018.11.10"]
[Round "3.4"]
[White "Kouroukafopoulos, Grigorios"]
[Black "Kortesis, Georgios"]
[Result "1/2-1/2"]
[WhiteElo "1002"]
[BlackElo "1211"]
[PlyCount "143"]
[EventDate "2018.11.03"]
[EventType "swiss"]
[EventRounds "6"]
[EventCountry "GRE"]
[SourceTitle "EXT 2024"]
[Source "ChessBase"]
[SourceDate "2023.10.10"]
[SourceVersion "1"]
[SourceVersionDate "2023.10.10"]
[SourceQuality "1"]

1. d4 d6 2. c4 e5 3. Nc3 Nf6 4. Bg5 Be7 5. e3 Bf5 6. Bxf6 Bxf6 7. Bd3 Bxd3 8. Qxd3 Nc6 9. Nf3 Qe7 10. 0-0 0-0 11. Rfe1 Rfe8 12. Qe2 e4 13. Nd2 Nb4 14. Ndxe4 h6 15. Nxf6+ Qxf6 16. a3 Nc6 17. Nd5 Qd8 18. Qg4 Na5 19. Rac1 c6 20. Nf4 b6 21. Nh5 Qg5 22. Qxg5 hxg5 23. c5 dxc5 24. dxc5 Nb3 25. Rc3 Nxc5 26. b4 Ne4 27. Rxc6 Rac8 28. Rxc8 Rxc8 29. f3 Nd6 30. Rd1 Nc4 31. Rc1 b5 32. Kf2 Rd8 33. Ra1 Rd2+ 34. Kg3 Nxe3 35. Kh3 Rd4 36. g4 Rd3 37. a4 bxa4 38. Rxa4 Nc2 39. Kg2 Rb3 40. Rxa7 Rxb4 41. Ra5 Nd4 42. Rxg5 g6 43. Nf6+ Kg7 44. Ne4 Rb2+ 45. Nf2 Ne6 46. Re5 Kf6 47. Re4 Nc5 48. Rd4 Ne6 49. Re4 Nc5 50. Rd4 Ke5 51. Rd1 Kf6 52. Kg3 Kg7 53. Nd3 Rb5 54. Nxc5 Rxc5 55. Rd7 Kf6 56. h4 Ke6 57. Rb7 Rc4 58. h5 gxh5 59. gxh5 Kf6 60. h6 Kg6 61. Rb6+ Kh7 62. Rf6 Rb4 63. Rxf7+ Kxh6 64. Rf4 Rb5 65. Rh4+ Kg6 66. f4 Kf6 67. Kg4 Kg6 68. Rh3 Kf6 69. Rf3 Kg6 70. f5+ Kf6 71. Rf4 Ra5 72. Rf3 1/2-1/2